| 000 | 00688nam a2200229 u 4500 | ||
|---|---|---|---|
| 005 | 20240924071236.0 | ||
| 008 | 080613s2006 r 000 0 eng d | ||
| 020 | _a8466751998 | ||
| 035 | _aUPN01000156881 | ||
| 049 | _aI | ||
| 050 | 4 |
_aPZ76.3 _bN3.2 |
|
| 100 | 1 | _aNava, Emanuela | |
| 245 | 1 | 0 |
_aArrullos y caricias / _cEmanuela Nava y Giulia Re ; tr. Mario Merlino. |
| 260 |
_aMadrid : _bAnaya, _cc2006. |
||
| 300 |
_a[20] p : _bprincipalmente il. col. |
||
| 440 | 0 | _aMi primera sopa | |
| 534 |
_pTÃtulo original: _tNinne e coccole |
||
| 650 | 0 |
_aAnimales _vCuentos y leyendas _9234 |
|
| 650 | 4 |
_aLiteratura infantil _94445 |
|
| 700 | 1 |
_aGiulia, Re, _ecoaut. |
|
| 905 | _aInfantil | ||
| 999 |
_c128995 _d128995 |
||